000 00373 a2200145 4500
001 158132
020 _a
040 _cMagnum
100 _aCivita, Victor
240 1 0 _aEnciclopedia grandes personagens da historia universal/v.4
_lpor
245 1 0 _aEnciclopedia grandes personagens da historia universal/v.4
362 0 _a1899
697 _aENCICLOPEDIAS
942 _cBK
999 _c158132
_d158132